Bharat microfinance report 2025 (Record no. 360713)

MARC details
000 -LEADER
fixed length control field 00355nam a22001577a 4500
003 - CONTROL NUMBER IDENTIFIER
control field 0
005 - DATE AND TIME OF LATEST TRANSACTION
control field 20260402153654.0
082 ## - DEWEY DECIMAL CLASSIFICATION NUMBER
Classification number 332 BHA
100 ## - MAIN ENTRY--AUTHOR NAME
Personal name Sa-Dhan
245 ## - TITLE STATEMENT
Title Bharat microfinance report 2025
260 ## - PUBLICATION, DISTRIBUTION, ETC. (IMPRINT)
Place of publication New Delhi
Name of publisher Sa-Dhan
Year of publication 2025
300 ## - PHYSICAL DESCRIPTION
Number of Pages 268
500 ## - GENERAL NOTE
General note Supported by NABARD
650 ## - SUBJECT ADDED ENTRY--TOPICAL TERM
Topical Term Microfinance
9 (RLIN) 18754
942 ## - ADDED ENTRY ELEMENTS (KOHA)
Koha item type Donated Books
Holdings
Lost status Home library Current library Date acquired Full call number Accession Number Koha item type
  Gandhi Smriti Library Gandhi Smriti Library 2026-04-02 332 BHA 173405 Donated Books

Powered by Koha